| 000 | 01360 a2200217 4500 | ||
|---|---|---|---|
| 003 | Nust | ||
| 005 | 20221201123723.0 | ||
| 020 | _a0521642221 | ||
| 040 | _cNust | ||
| 082 | _a535,BOR | ||
| 100 |
_aBorn Max _940107 |
||
| 245 |
_aPrinciples of optics _belectromagnetic theory of propagation, interference and diffraction of light / _cMax Born, Emil Wolf ... [et al.]. |
||
| 250 | _a7th expanded ed. | ||
| 260 |
_aLondon _bCambridge university press _c1959. |
||
| 300 | _axxxiii,952p | ||
| 505 | _aBasic Properties of the electromagnetic field (Page-1), Electromagnetic Potentials (Page-75), Foundations of geometrical optics (Page-116), Geometrical theory of optics Imaging (Page-116), Geometrical theory of aberrations (Page-228), Image forming instruments (Page-261), Elements of the theory interference (Page-286), Elements of the theory of diffraction (Page-412), The diffraction theory of aberrations (Page-517), Interfence and diffraction with partially coherent light (Page-554), Rigorous diffraction theory (Page-633), Diffraction of light by ultrasonic waves (Page-674), Scattering from inhomogeneous media (Page-695), Optics of metals (Page-735), Optics of crystals (Page-790). | ||
| 650 |
_aoptics _940012 |
||
| 700 | _4Wolf, Emil. | ||
| 856 |
_3Sample text _ihttp://www.loc.gov/catdir/toc/cam021/98049429.html |
||
| 942 |
_2ddc _cBK _k535,BOR |
||
| 999 |
_c208656 _d208656 |
||